[Event "Sportaccord WMG Blindfold"]
[Site "Beijing CHN"]
[Date "2011.12.14"]
[Round "1"]
[White "Le, Quang Liem"]
[Black "Karjakin, Sergey"]
[Result "1/2-1/2"]
[WhiteTitle "GM"]
[BlackTitle "GM"]
[WhiteElo "2714"]
[BlackElo "2763"]
[WhiteFideId "12401137"]
[BlackFideId "14109603"]
[EventDate "2011.12.14"]
[EventType "swiss (rapid)"]

1. d4 Nf6 2. c4 e6 3. Nf3 c5 4. Nc3 cxd4 5. Nxd4 Bb4 6. Bd2 O-O 7. a3 Bc5 8. Nb3
Be7 9. e4 Nc6 10. Bf4 d6 11. Be2 b6 12. O-O Bb7 13. Rc1 Rc8 14. Kh1 Ne5 15. Nd2
h6 16. Bg3 Ned7 17. b4 a6 18. f4 Qc7 19. Bd3 Qb8 20. Qe2 e5 21. Nd5 Rfe8 22.
Nxe7+ Rxe7 23. f5 Qa8 24. Bh4 Ree8 25. Rce1 Bc6 26. Rf3 Nh5 27. Re3 Ndf6 28. Qd1
b5 29. Be2 g5 30. fxg6 fxg6 31. cxb5 axb5 32. Bxh5 Nxh5 33. Rd3 Qb8 34. Qg4 Kg7
35. Rf1 Qc7 36. Rdf3 Nf4 37. g3 Bd7 38. Bf6+ Kxf6 39. Qh4+ Kg7 40. gxf4 exf4 41.
Rxf4 Be6 42. Rf6 Qc3 43. Qf2 Rc7 44. Rxe6 Rxe6 45. Qf8+ Kh7 46. Rf7+ Rxf7 47.
Qxf7+ Kh8 48. Qf8+ Kh7 49. Qf7+ Kh8 50. Qf8+ Kh7 51. Qf7+ 1/2-1/2

[Event "Sportaccord WMG Blindfold"]
[Site "Beijing CHN"]
[Date "2011.12.14"]
[Round "1"]
[White "Gashimov, Vugar"]
[Black "Dominguez Perez, Leinier"]
[Result "1/2-1/2"]
[WhiteTitle "GM"]
[BlackTitle "GM"]
[WhiteElo "2757"]
[BlackElo "2712"]
[WhiteFideId "13400630"]
[BlackFideId "3503240"]
[EventDate "2011.12.14"]
[EventType "swiss (rapid)"]

1. Nf3 c5 2. e4 d6 3. d4 cxd4 4. Nxd4 Nf6 5. Nc3 a6 6. Bg5 e6 7. f4 h6 8. Bh4
Qb6 9. Bxf6 gxf6 10. Qd2 Qxb2 11. Nb3 Qa3 12. Be2 h5 13. O-O Nd7 14. f5 Nc5 15.
Kh1 Bd7 16. fxe6 fxe6 17. Rxf6 Nxb3 18. cxb3 Qa5 19. Raf1 O-O-O 20. Rf7 Bh6 21.
Qc2 Kb8 22. b4 Qe5 23. b5 a5 24. Na4 Be3 25. Qd3 Qd4 26. Qa3 Bd2 27. Rd1 Qb4 28.
Qd3 Be8 29. Rf2 Bh6 30. Rb1 Qd2 31. Qxd2 Bxd2 32. Bc4 Be3 33. Re2 d5 34. Bxd5
exd5 35. Rxe3 dxe4 36. Kg1 Rd2 37. Nc3 Bg6 38. Rbe1 Rd3 39. Kf2 Rf8+ 40. Ke2
Rfd8 41. Rd1 Rxd1 42. Nxd1 h4 43. Nc3 Rd4 44. Rh3 Rc4 45. g4 hxg3 46. Rxg3 Bf5
47. Kd2 Kc7 48. Rg7+ Kd6 49. Nd1 Rd4+ 50. Ke1 Bd7 51. b6 Rb4 52. h4 e3 53. Rg6+
Kc5 54. Nxe3 Rxh4 55. Kd2 Rh2+ 56. Kc3 Rh3 57. Kd2 Bc6 58. Rg5+ Kxb6 59. Nc4+
Kc7 60. Rxa5 b5 61. Ne5 Kb6 62. Nxc6 Kxc6 63. a4 bxa4 64. Rxa4 1/2-1/2

[Event "Sportaccord WMG Blindfold"]
[Site "Beijing CHN"]
[Date "2011.12.14"]
[Round "1"]
[White "Nielsen, Peter Heine"]
[Black "Ponomariov, Ruslan"]
[Result "1/2-1/2"]
[WhiteTitle "GM"]
[BlackTitle "GM"]
[WhiteElo "2693"]
[BlackElo "2723"]
[WhiteFideId "1400355"]
[BlackFideId "14103320"]
[EventDate "2011.12.14"]
[EventType "swiss (rapid)"]

1. Nf3 Nf6 2. c4 e6 3. d4 b6 4. g3 Bb7 5. Bg2 Be7 6. O-O O-O 7. Nc3 Ne4 8. Nxe4
Bxe4 9. Nh4 Bxg2 10. Nxg2 d5 11. Qa4 c5 12. dxc5 bxc5 13. cxd5 Qxd5 14. Be3 Qb7
15. Rac1 Nd7 16. Rfd1 Nf6 17. b3 Rac8 18. Bg5 Rfd8 19. Nf4 Nd5 20. Bxe7 Qxe7 21.
Qe4 Nxf4 22. Qxf4 Rd5 23. Qe3 Qd6 24. Rd3 h6 25. Rc4 a5 26. Qd2 Rd8 27. Qc3 Rxd3
28. Qxd3 Qxd3 29. exd3 Rxd3 30. Rxc5 a4 31. bxa4 Ra3 32. a5 g5 33. Kg2 Kg7 34.
g4 Rxa2 35. h3 Ra3 36. Rb5 Kg6 37. Rc5 f6 38. Rb5 h5 39. Rc5 hxg4 40. hxg4 f5
41. gxf5+ exf5 42. Rb5 g4 43. Rc5 f4 44. Rb5 Ra2 45. Kg1 Kf6 46. Rc5 Ra1+ 47.
Kg2 Ra2 48. Kg1 Ra1+ 49. Kg2 Ra2 50. Kg1 1/2-1/2

[Event "Sportaccord WMG Blindfold"]
[Site "Beijing CHN"]
[Date "2011.12.14"]
[Round "1"]
[White "Ivanchuk, Vassily"]
[Black "Giri, Anish"]
[Result "1-0"]
[WhiteTitle "GM"]
[BlackTitle "GM"]
[WhiteElo "2775"]
[BlackElo "2714"]
[WhiteFideId "14100010"]
[BlackFideId "24116068"]
[EventDate "2011.12.14"]
[EventType "swiss (rapid)"]

1. e4 e5 2. Nc3 Nf6 3. Bc4 Nc6 4. d3 Bb4 5. Ne2 Na5 6. a3 Bxc3+ 7. Nxc3 Nxc4 8.
dxc4 h6 9. Be3 d6 10. f3 Be6 11. Qe2 Qe7 12. O-O-O a6 13. b3 c6 14. Bb6 O-O 15.
Kb2 c5 16. Qd2 Ne8 17. a4 Rc8 18. a5 Rc6 19. g4 Qh4 20. Qg2 Nf6 21. Rd3 Nd7 22.
Na4 Nxb6 23. Nxb6 Rd8 24. Rhd1 Kf8 25. h3 h5 26. Rg1 Ke7 27. Qd2 g5 28. Rd1 f6
29. b4 cxb4 30. c5 Qxh3 31. cxd6+ Kf7 32. gxh5 b3 33. cxb3 Qxh5 34. d7 Qh8 35.
Rc3 Rxc3 36. Qxc3 Qh2+ 37. Rd2 Qf4 38. Rd6 Qh2+ 39. Ka3 Qg1 40. Kb4 Qf1 41. Ka3
Qg1 42. Rd3 Ke7 43. Qb4+ Kf7 44. Qd2 Qa1+ 45. Kb4 Kg6 46. Kc5 Qh1 47. Kd6 Kf7
48. Kc7 Qh8 49. Qb4 Qg8 50. Rd2 Qh8 51. Rh2 Qxh2 52. Kxd8 Kg6 53. Kc7 Bxd7 54.
Nxd7 Qe2 55. Qb6 Kh5 56. Qxf6 Qc2+ 57. Kb8 Kh4 58. Nxe5 Qxb3 59. Qh6+ Kg3 60.
Qxg5+ Kf2 61. Qd2+ Kg3 62. f4 Qg8+ 63. Ka7 Kh3 64. Qe3+ Kh4 65. Qe1+ 1-0

[Event "Sportaccord WMG Blindfold"]
[Site "Beijing CHN"]
[Date "2011.12.14"]
[Round "1"]
[White "Karjakin, Sergey"]
[Black "Nielsen, Peter Heine"]
[Result "0-1"]
[WhiteTitle "GM"]
[BlackTitle "GM"]
[WhiteElo "2763"]
[BlackElo "2693"]
[WhiteFideId "14109603"]
[BlackFideId "1400355"]
[EventDate "2011.12.14"]
[EventType "swiss (rapid)"]

1. e4 c5 2. Nc3 Nc6 3. Nf3 g6 4. d4 cxd4 5. Nxd4 Bg7 6. Be3 Nf6 7. Bc4 O-O 8.
Bb3 d6 9. f3 Bd7 10. h4 h5 11. Qd2 Ne5 12. O-O-O Rc8 13. Kb1 Nc4 14. Bxc4 Rxc4
15. Nb3 Qb8 16. Bd4 Rfc8 17. Qe2 e5 18. Be3 b5 19. Na5 b4 20. Nd5 Rxc2 21. Rd2
Nxd5 22. Rxc2 Rxc2 23. Kxc2 Nxe3+ 24. Qxe3 Qc7+ 25. Kb1 Qxa5 26. Rc1 Be6 27. b3
d5 28. g4 dxe4 29. Qxe4 Qd5 30. Qxb4 Qxf3 31. gxh5 Qd3+ 32. Kb2 e4+ 33. Ka3 Bf8 0-1

[Event "Sportaccord WMG Blindfold"]
[Site "Beijing CHN"]
[Date "2011.12.14"]
[Round "1"]
[White "Ponomariov, Ruslan"]
[Black "Le, Quang Liem"]
[Result "1-0"]
[WhiteTitle "GM"]
[BlackTitle "GM"]
[WhiteElo "2723"]
[BlackElo "2714"]
[WhiteFideId "14103320"]
[BlackFideId "12401137"]
[EventDate "2011.12.14"]
[EventType "swiss (rapid)"]

1. d4 Nf6 2. c4 g6 3. Nc3 d5 4. Bg5 Bg7 5. Nf3 Ne4 6. cxd5 Nxg5 7. Nxg5 e6 8.
Qa4+ Bd7 9. Qb3 Qxg5 10. Qxb7 O-O 11. Qxa8 Bxd4 12. Rd1 Qf6 13. Rxd4 Qxd4 14.
Qb7 exd5 15. e3 Qf6 16. Qxd5 Bc6 17. Qd4 Qxd4 18. exd4 Rd8 19. Kd2 Rxd4+ 20. Ke3
Rd8 21. f3 Nd7 22. Be2 a5 23. b3 Kf8 24. Rc1 Rb8 25. Nb1 Re8+ 26. Kf2 Re6 27.
Nd2 Nb6 28. a4 Rd6 29. Ke1 Nd7 30. Rc3 Ke7 31. Nc4 Rd5 32. Nxa5 Bxa4 33. bxa4
Rxa5 34. Rxc7 Kd6 35. Rb7 Nc5 36. Rxf7 Rxa4 37. Rxh7 Ra1+ 38. Kf2 Ra2 39. Rg7
Ke5 40. Re7+ Ne6 41. Re8 Kd6 42. Ke1 Ra1+ 43. Bd1 Kd7 44. Rg8 Ra2 45. g3 g5 46.
Rh8 Nd4 47. Rh5 Ke6 48. h4 gxh4 49. Rxh4 Ke5 50. Re4+ Kd5 51. Be2 Ra1+ 52. Kf2
Rh1 53. Bf1 Rh8 54. g4 Rb8 55. Re3 Rf8 56. Bd3 Kd6 57. Kg3 Ne6 58. Bc4 Nd4 59.
f4 Rc8 60. Bf1 Rg8 61. Bd3 Rc8 62. f5 Rc3 63. Kf4 Rc1 64. g5 Rg1 65. g6 Rg2 66.
Be4 Rf2+ 67. Kg5 Rf1 68. Kf6 Rg1 69. g7 1-0

[Event "Sportaccord WMG Blindfold"]
[Site "Beijing CHN"]
[Date "2011.12.14"]
[Round "1"]
[White "Grischuk, Alexander"]
[Black "Vallejo Pons, Francisco"]
[Result "1-0"]
[WhiteTitle "GM"]
[BlackTitle "GM"]
[WhiteElo "2752"]
[BlackElo "2705"]
[WhiteFideId "4126025"]
[BlackFideId "2205530"]
[EventDate "2011.12.14"]
[EventType "swiss (rapid)"]

1. e4 e6 2. d4 d5 3. e5 c5 4. c3 Nc6 5. Nf3 Qb6 6. a3 f6 7. Bd3 fxe5 8. dxe5 Nh6
9. c4 Nf7 10. O-O Be7 11. Nc3 d4 12. Ne4 Ncxe5 13. Nxe5 Nxe5 14. Qh5+ Nf7 15. b4
g6 16. Qe2 O-O 17. Bd2 e5 18. Nxc5 Bxc5 19. bxc5 Qc7 20. f4 Bf5 21. Bxf5 gxf5
22. fxe5 Qxe5 23. Qd3 Qg7 24. Rxf5 Ne5 25. Qe4 Rxf5 26. Qxf5 Rf8 27. Qe6+ Qf7
28. Qd5 Qxd5 29. cxd5 Nd3 30. Rd1 Rf5 31. c6 bxc6 32. dxc6 Rc5 33. Bg5 Ne5 34.
Rxd4 Nxc6 35. Rg4 Kf7 36. Bh6 Ne5 37. Rg7+ Kf6 38. Rxa7 Ng4 39. Ra6+ Kf5 40. h3
Ne5 41. a4 Ng6 42. Ra7 Nh4 43. Be3 Rc2 44. Bf2 Ng6 45. Rxh7 Nf4 46. Rf7+ Ke4 47.
Re7+ Kf5 48. Rf7+ Ke4 49. Rg7 Ra2 50. Rg4 Kf5 51. Be3 Nd5 52. Bh6 Nc3 53. a5 Ne4
54. Rf4+ Ke5 55. Rf1 Rxa5 56. Bf4+ Ke6 57. Rf3 Ra2 58. Kh2 Kf5 59. Bc7+ Kg6 60.
Bf4 Kf5 61. Bc1+ Ke5 62. Bh6 Rc2 63. Rf8 Ke6 64. Rf4 Ke5 65. Rf3 Ra2 66. h4 Nf2
67. Bg7+ Ke4 68. h5 Ng4+ 69. Kg3 Ne3 70. Rf4+ Kd5 71. h6 Ra7 72. Kf3 Nc4 73.
Rd4+ 1-0

[Event "Sportaccord WMG Blindfold"]
[Site "Beijing CHN"]
[Date "2011.12.15"]
[Round "3"]
[White "Gashimov, Vugar"]
[Black "Ponomariov, Ruslan"]
[Result "1/2-1/2"]
[WhiteTitle "GM"]
[BlackTitle "GM"]
[WhiteElo "2757"]
[BlackElo "2723"]
[WhiteFideId "13400630"]
[BlackFideId "14103320"]
[EventDate "2011.12.14"]
[EventType "swiss (rapid)"]

1. e4 e5 2. Nf3 Nc6 3. Bb5 Nf6 4. d4 exd4 5. e5 Ne4 6. O-O Be7 7. Nxd4 O-O 8.
Bxc6 dxc6 9. Re1 Nc5 10. Nc3 f5 11. exf6 Bxf6 12. Be3 Ne6 13. Nce2 b6 14. Nxc6
Qxd1 15. Raxd1 Bxb2 16. Ned4 Bxd4 17. Bxd4 Re8 18. Be5 Bb7 19. Nd4 Bd5 20. a3
Nxd4 21. Rxd4 Rad8 22. f4 c5 23. Rd2 Rd7 24. Red1 Red8 25. c4 Be6 26. Rxd7 Rxd7
27. Rxd7 Bxd7 28. Bb8 a6 29. Ba7 b5 30. cxb5 Bxb5 31. Bxc5 h5 32. Bd4 g6 33. Kf2
Kf7 34. h3 Ke6 35. g4 hxg4 36. hxg4 Ba4 37. f5+ gxf5 38. gxf5+ Kxf5 1/2-1/2

[Event "Sportaccord WMG Blindfold"]
[Site "Beijing CHN"]
[Date "2011.12.15"]
[Round "3"]
[White "Nielsen, Peter Heine"]
[Black "Grischuk, Alexander"]
[Result "1/2-1/2"]
[WhiteTitle "GM"]
[BlackTitle "GM"]
[WhiteElo "2693"]
[BlackElo "2752"]
[WhiteFideId "1400355"]
[BlackFideId "4126025"]
[EventDate "2011.12.14"]
[EventType "swiss (rapid)"]

1. d4 d6 2. g3 g6 3. Bg2 Bg7 4. Nf3 Nf6 5. O-O O-O 6. c4 c6 7. Nc3 Qb6 8. h3 Qa6
9. b3 b5 10. cxb5 cxb5 11. Qd3 b4 12. Ne1 Bxh3 13. Bxh3 bxc3 14. Bg2 d5 15. Qxa6
Nxa6 16. Ba3 Ne4 17. e3 Rfe8 18. Nd3 e6 19. Rac1 Rec8 20. Bxe4 dxe4 21. Nc5 Nxc5
22. Bxc5 e5 23. Rxc3 exd4 24. exd4 Rd8 25. Rc4 Rd5 26. b4 a6 27. a4 Rad8 28. Rd1
Rb8 29. Rb1 Rbd8 30. b5 axb5 31. axb5 Bxd4 32. Rxd4 Rxd4 33. Bxd4 Rxd4 34. b6
Rd8 35. b7 Rb8 36. Kf1 f5 37. Ke2 Kf7 38. Ke3 Ke6 39. g4 fxg4 40. Kxe4 Kd6 41.
Kf4 Kc6 42. Kxg4 Rxb7 43. Rxb7 Kxb7 44. Kg5 h5 45. f4 Kc6 46. f5 gxf5 47. Kxf5
Kc5 48. Kg5 Kb5 49. Kxh5 Ka5 1/2-1/2

[Event "Sportaccord WMG Blindfold"]
[Site "Beijing CHN"]
[Date "2011.12.15"]
[Round "4"]
[White "Nielsen, Peter Heine"]
[Black "Ivanchuk, Vassily"]
[Result "1/2-1/2"]
[WhiteTitle "GM"]
[BlackTitle "GM"]
[WhiteElo "2693"]
[BlackElo "2775"]
[WhiteFideId "1400355"]
[BlackFideId "14100010"]
[EventDate "2011.12.14"]
[EventType "swiss (rapid)"]

1. d4 d6 2. g3 g6 3. Bg2 Bg7 4. Nf3 Nf6 5. O-O O-O 6. c4 Bf5 7. Nc3 Ne4 8. Nxe4
Bxe4 9. Bg5 Nc6 10. d5 Bxf3 11. exf3 Nd4 12. Re1 Re8 13. Be3 Nf5 14. Bh3 Nxe3
15. Rxe3 c5 16. Qc2 Rb8 17. a4 a6 18. Bf1 Bd4 19. Re4 e5 20. dxe6 Rxe6 21. Rxe6
fxe6 22. Re1 Qf6 23. Qe4 Rf8 24. Bg2 d5 25. cxd5 e5 26. b3 Kg7 27. d6 Rf7 28.
Qd5 Rd7 29. f4 Kh6 30. Re2 exf4 31. Re6 Qg5 32. Qxg5+ Kxg5 33. Kf1 Kh6 34. gxf4
Bg7 35. f5 Bf8 36. fxg6 hxg6 37. Be4 Rxd6 38. Rxd6 Bxd6 39. Bxb7 a5 40. Bd5 Bxh2
41. Kg2 Be5 42. Bc4 Kg7 43. Bd5 Kf6 44. Bc4 Bc3 45. Bd5 g5 46. Bc4 Bb4 1/2-1/2

[Event "Sportaccord WMG Blindfold"]
[Site "Beijing CHN"]
[Date "2011.12.15"]
[Round "4"]
[White "Dominguez Perez, Leinier"]
[Black "Almasi, Zoltan"]
[Result "1/2-1/2"]
[WhiteTitle "GM"]
[BlackTitle "GM"]
[WhiteElo "2712"]
[BlackElo "2707"]
[WhiteFideId "3503240"]
[BlackFideId "702293"]
[EventDate "2011.12.14"]
[EventType "swiss (rapid)"]

1. c4 c5 2. g3 Nc6 3. Bg2 g6 4. Nc3 Bg7 5. a3 b6 6. e3 Bb7 7. Nge2 Qc8 8. d3 Nd4
9. e4 d6 10. O-O Nf6 11. Nxd4 cxd4 12. Nd5 Nd7 13. b4 e6 14. Nf4 O-O 15. Bd2 Qc7
16. h4 a5 17. Qe2 Ne5 18. h5 axb4 19. hxg6 hxg6 20. Bxb4 Rfe8 21. Rfb1 Nd7 22.
Rb3 Bc6 23. Rab1 Ra6 24. Bh3 Ne5 25. Bg2 Rea8 26. Nh3 Nd7 27. Ng5 Bf6 28. Qg4
Kg7 29. f4 Nc5 30. Bxc5 bxc5 31. f5 exf5 32. exf5 Bxg5 33. Qxg5 Qd8 34. Qxd8
Rxd8 35. Bxc6 Rxc6 36. fxg6 Kxg6 37. Rb6 Rxb6 38. Rxb6 Ra8 39. Rxd6+ f6 40. Rd5
Rxa3 41. Rxc5 Rxd3 42. Rd5 Rxg3+ 43. Kf2 Rg4 44. c5 d3 45. Rxd3 Rc4 46. Rd5 Kf7 1/2-1/2

[Event "Sportaccord WMG Blindfold"]
[Site "Beijing CHN"]
[Date "2011.12.15"]
[Round "4"]
[White "Giri, Anish"]
[Black "Karjakin, Sergey"]
[Result "1/2-1/2"]
[WhiteTitle "GM"]
[BlackTitle "GM"]
[WhiteElo "2714"]
[BlackElo "2763"]
[WhiteFideId "24116068"]
[BlackFideId "14109603"]
[EventDate "2011.12.14"]
[EventType "swiss (rapid)"]

1. d4 Nf6 2. c4 e6 3. Nf3 c5 4. d5 exd5 5. cxd5 Bd6 6. Nc3 O-O 7. Bg5 Re8 8. e3
a6 9. Bd3 Bf8 10. d6 h6 11. Bh4 b5 12. a4 g5 13. Bg3 b4 14. Nb1 Nc6 15. Nbd2 Bg7
16. Nc4 Bb7 17. h4 Ne4 18. Bxe4 Rxe4 19. Nfd2 Re6 20. hxg5 hxg5 21. Qc2 Rc8 22.
O-O-O b3 23. Qh7+ Kf8 24. Nxb3 Nb4 25. f3 Bd5 26. Nba5 Qf6 27. e4 Na2+ 28. Kc2
Rb8 29. e5 Qd8 30. f4 gxf4 31. Bh4 Qe8 32. Rdf1 Rxe5 33. Nxe5 Rxb2+ 34. Kd1 Nc3+
35. Kc1 Na2+ 36. Kd1 Nc3+ 37. Kc1 Na2+ 38. Kd1 1/2-1/2

[Event "Sportaccord WMG Blindfold"]
[Site "Beijing CHN"]
[Date "2011.12.15"]
[Round "5"]
[White "Gashimov, Vugar"]
[Black "Nielsen, Peter Heine"]
[Result "1-0"]
[WhiteTitle "GM"]
[BlackTitle "GM"]
[WhiteElo "2757"]
[BlackElo "2693"]
[WhiteFideId "13400630"]
[BlackFideId "1400355"]
[EventDate "2011.12.14"]
[EventType "swiss (rapid)"]

1. c4 c5 2. b3 Nc6 3. Bb2 e5 4. Nf3 d6 5. e3 e4 6. Ng1 Nf6 7. Nc3 Be7 8. Qb1 Bf5
9. f3 O-O 10. fxe4 Bg6 11. Nge2 b5 12. cxb5 Nb4 13. Nf4 d5 14. Nxg6 fxg6 15. a3
d4 16. axb4 dxc3 17. Bxc3 cxb4 18. Bd4 Ng4 19. Be2 Bd6 20. g3 Qg5 21. Qb2 Rac8
22. Rxa7 Ne5 23. Rg1 Nf3+ 24. Bxf3 Rxf3 25. Rxg7+ Kf8 26. Rxh7 Rxg3 27. hxg3
Bxg3+ 28. Ke2 Qg4+ 29. Kd3 1-0

[Event "Sportaccord WMG Blindfold"]
[Site "Beijing CHN"]
[Date "2011.12.15"]
[Round "5"]
[White "Ponomariov, Ruslan"]
[Black "Grischuk, Alexander"]
[Result "1/2-1/2"]
[WhiteTitle "GM"]
[BlackTitle "GM"]
[WhiteElo "2723"]
[BlackElo "2752"]
[WhiteFideId "14103320"]
[BlackFideId "4126025"]
[EventDate "2011.12.14"]
[EventType "swiss (rapid)"]

1. d4 Nf6 2. c4 g6 3. Nc3 Bg7 4. e4 d6 5. Be2 O-O 6. Bg5 c5 7. d5 h6 8. Be3 e6
9. Qd2 exd5 10. exd5 Kh7 11. h3 Re8 12. Bd3 b5 13. Nxb5 Ne4 14. Bxe4 Rxe4 15.
Rc1 a6 16. Nc3 Rxc4 17. a3 Nd7 18. Nf3 a5 19. O-O Qb6 20. Qc2 Rb8 21. Nd2 Rh4
22. f4 Ba6 23. Rf3 Qxb2 24. Qxb2 Rxb2 25. Nde4 Nb6 26. Nxd6 Bxc3 27. Rxc3 Nxd5
28. Rxc5 Nxe3 29. Rxe3 Rxf4 30. Rxa5 Rf1+ 31. Kh2 Rff2 32. Rxa6 Rxg2+ 33. Kh1
Rh2+ 34. Kg1 Rbg2+ 35. Kf1 Ra2 36. Kg1 Rag2+ 37. Kf1 Ra2 38. Kg1 Rag2+ 1/2-1/2

[Event "Sportaccord WMG Blindfold"]
[Site "Beijing CHN"]
[Date "2011.12.15"]
[Round "5"]
[White "Le, Quang Liem"]
[Black "Dominguez Perez, Leinier"]
[Result "1-0"]
[WhiteTitle "GM"]
[BlackTitle "GM"]
[WhiteElo "2714"]
[BlackElo "2712"]
[WhiteFideId "12401137"]
[BlackFideId "3503240"]
[EventDate "2011.12.14"]
[EventType "swiss (rapid)"]

1. d4 Nf6 2. c4 g6 3. Nc3 d5 4. Nf3 Bg7 5. Qb3 dxc4 6. Qxc4 O-O 7. e4 a6 8. e5
b5 9. Qb3 Nfd7 10. Be2 c5 11. e6 c4 12. exf7+ Rxf7 13. Qd1 Nb6 14. a4 Nc6 15.
axb5 Nxd4 16. Nxd4 Bxd4 17. Bf3 Ra7 18. O-O e5 19. bxa6 Rxa6 20. Rxa6 Bxa6 21.
Qe2 Bc8 22. Rd1 Bf5 23. Qxe5 Bd3 24. Qe6 Qd7 25. Qxd7 Rxd7 26. Be3 Bxe3 27. fxe3
Ra7 28. Kf2 Kg7 29. e4 Nd7 30. Ke3 Ne5 31. Rd2 Rb7 32. Rf2 Kf6 33. Bd1+ Ke6 34.
h3 Kd6 35. Rf6+ Kc5 36. Na4+ Kb4 37. Kd4 Nd7 38. Rd6 Bf1 39. Nc3 Bxg2 40. Rd5
Nc5 41. Rxc5 1-0

[Event "Sportaccord WMG Blindfold"]
[Site "Beijing CHN"]
[Date "2011.12.16"]
[Round "6"]
[White "Grischuk, Alexander"]
[Black "Le, Quang Liem"]
[Result "1-0"]
[WhiteTitle "GM"]
[BlackTitle "GM"]
[WhiteElo "2752"]
[BlackElo "2714"]
[WhiteFideId "4126025"]
[BlackFideId "12401137"]
[EventDate "2011.12.14"]
[EventType "swiss (rapid)"]

1. e4 e6 2. d4 d5 3. e5 c5 4. c3 Qb6 5. Nf3 Nc6 6. a3 Bd7 7. b4 cxd4 8. cxd4 Rc8
9. Bb2 Nh6 10. Nc3 Na5 11. Na4 Qc6 12. Nc5 Nc4 13. Bc1 b6 14. Nxd7 Qxd7 15. Bd3
Nf5 16. O-O Be7 17. Ra2 h5 18. Bxf5 exf5 19. Re1 Rc6 20. h4 b5 21. Bg5 O-O 22.
Bxe7 Qxe7 23. Ng5 g6 24. Qf3 Nb6 25. Rae2 Re8 26. e6 f6 27. Nh3 Kh7 28. Nf4 Kh6
29. Nxd5 Nxd5 30. Qxd5 Rd6 31. Qc5 Rdd8 32. Qc1+ Kg7 33. Rc2 Qd6 34. Rc6 Qb8 35.
Rc7+ Kg8 36. Rd7 Rxd7 37. exd7 Rxe1+ 38. Qxe1 Kf7 39. d5 Qc7 40. Qe8+ Kg7 41. g3 1-0

[Event "Sportaccord WMG Blindfold"]
[Site "Beijing CHN"]
[Date "2011.12.16"]
[Round "6"]
[White "Dominguez Perez, Leinier"]
[Black "Ponomariov, Ruslan"]
[Result "1/2-1/2"]
[WhiteTitle "GM"]
[BlackTitle "GM"]
[WhiteElo "2712"]
[BlackElo "2723"]
[WhiteFideId "3503240"]
[BlackFideId "14103320"]
[EventDate "2011.12.14"]
[EventType "swiss (rapid)"]

1. c4 Nf6 2. g3 e5 3. Bg2 d5 4. cxd5 Nxd5 5. Nc3 Nb6 6. Nf3 Nc6 7. O-O Be7 8. d3
Be6 9. Be3 O-O 10. Nd2 f5 11. Nb3 Kh8 12. Nc5 Bc8 13. b4 Rb8 14. a3 Nd4 15. f4
Bf6 16. fxe5 Bxe5 17. Bf4 Bxf4 18. gxf4 Ne6 19. e3 Qe7 20. Nb3 c6 21. Qc2 Bd7
22. Rae1 Rbe8 23. Nb1 h6 24. N1d2 g5 25. fxg5 hxg5 26. d4 f4 27. exf4 Qg7 28.
fxg5 Nxg5 29. Rxe8 Rxe8 30. Nf3 Nd5 31. Nxg5 Qxg5 32. Qd2 Ne3 33. Rf3 Qxg2+ 34.
Qxg2 Nxg2 35. Kxg2 Be6 36. Kf2 Bd5 37. Rh3+ Kg7 38. Nc5 b6 39. Rg3+ Kh6 40. Nd7
Re4 41. Rd3 Rf4+ 42. Kg3 Kg5 43. Ne5 Rf1 44. Nf3+ Kf5 45. Re3 a5 46. bxa5 bxa5
47. h4 Rd1 48. h5 Bxf3 49. Rxf3+ Kg5 50. Rc3 Rxd4 51. Rc5+ Rd5 52. Rxd5+ cxd5
53. h6 Kxh6 54. Kf4 Kg7 55. Ke5 a4 56. Kxd5 Kf6 57. Kc4 Ke6 58. Kb4 Kd7 59. Kxa4
Kc8 60. Kb5 Kb7 1/2-1/2

[Event "Sportaccord WMG Blindfold"]
[Site "Beijing CHN"]
[Date "2011.12.16"]
[Round "6"]
[White "Karjakin, Sergey"]
[Black "Vallejo Pons, Francisco"]
[Result "1-0"]
[WhiteTitle "GM"]
[BlackTitle "GM"]
[WhiteElo "2763"]
[BlackElo "2705"]
[WhiteFideId "14109603"]
[BlackFideId "2205530"]
[EventDate "2011.12.14"]
[EventType "swiss (rapid)"]

1. e4 e6 2. Qe2 c5 3. g3 Nc6 4. c3 d5 5. d3 Nge7 6. Nf3 b6 7. Bg2 Ba6 8. e5 h6
9. h4 g6 10. Bf4 Nf5 11. Nbd2 Rg8 12. g4 Nfe7 13. a3 Rh8 14. h5 g5 15. Bg3 Bg7
16. b4 Rc8 17. O-O Qd7 18. Rfb1 Nd8 19. a4 Bb7 20. a5 cxb4 21. cxb4 bxa5 22.
Rxa5 Nec6 23. Raa1 Bf8 24. b5 Nb4 25. d4 a6 26. Ra4 Nc2 27. Bf1 axb5 28. Ra5 Nc6
29. Qxb5 Nxa5 30. Qxa5 Na3 31. Ra1 Nc4 32. Qc3 Be7 33. Nb3 Kf8 34. Ne1 Kg7 35.
Nd3 Ra8 36. Nbc5 Qc7 37. Rb1 Rhb8 38. f4 Bc8 39. Rxb8 Qxb8 40. Qc1 Ra3 41. fxg5
hxg5 42. Be1 Qa7 43. Bc3 Ba6 44. Bb4 Ra2 45. Nb3 Bb5 46. Bc5 Qc7 47. Nb4 Ra8 48.
Bd3 Qd8 49. Kf2 Bxc5 50. Nxc5 Na3 51. Bxb5 Nxb5 52. Nc6 Ra2+ 53. Kg3 Nxd4 54.
Nxd4 Qe7 55. Nc6 Rc2 56. Qxc2 1-0

[Event "Sportaccord WMG Blindfold"]
[Site "Beijing CHN"]
[Date "2011.12.16"]
[Round "7"]
[White "Dominguez Perez, Leinier"]
[Black "Karjakin, Sergey"]
[Result "1/2-1/2"]
[WhiteTitle "GM"]
[BlackTitle "GM"]
[WhiteElo "2712"]
[BlackElo "2763"]
[WhiteFideId "3503240"]
[BlackFideId "14109603"]
[EventDate "2011.12.14"]
[EventType "swiss (rapid)"]

1. c4 Nf6 2. g3 c6 3. Nf3 d5 4. Bg2 dxc4 5. O-O Nbd7 6. Na3 Nb6 7. Qc2 g6 8.
Nxc4 Nxc4 9. Qxc4 Bg7 10. d3 O-O 11. Bd2 Nd5 12. Rab1 a5 13. Bc3 Nxc3 14. bxc3
Qd6 15. a4 Rb8 16. Nd4 Bd7 17. Rb6 e5 18. Nb3 Qc7 19. Nc5 Qxb6 20. Nxd7 Qb2 21.
Nxf8 Bxf8 22. e3 Rc8 23. d4 b5 24. axb5 Qxb5 25. Qa2 exd4 26. Rb1 Qa6 27. cxd4
a4 28. Bf1 Qa7 29. Bc4 a3 30. Qe2 Bg7 31. Ba2 Rc7 32. Rc1 Bf8 33. h4 Qb7 34. h5
Qc8 35. hxg6 hxg6 36. Qf3 Kg7 37. Kg2 Qd7 38. Qe4 Qe7 39. Qg4 Rb7 40. Rc2 Rb6
41. Qf3 Qd7 42. Qe4 Bd6 43. Qf3 Qe8 44. Qg4 Rb2 45. Rxb2 axb2 46. Bb1 Qa8 47.
Qe4 Qa4 48. Qd3 Qb4 49. Qc2 c5 50. dxc5 Bxc5 51. Qe4 Qc3 52. Qc2 Qe5 53. Qc4 Be7
54. Qe4 Qd6 55. Qd4+ Qxd4 56. exd4 Bf6 57. d5 Bd4 58. f4 Kf6 59. Kf3 Ke7 60. Ke4
Bf2 61. g4 Kd6 62. g5 Kc5 63. f5 gxf5+ 64. Kxf5 Kxd5 65. Kf6 Bh4 66. Kxf7 Bxg5
67. Kg6 Kd4 68. Kxg5 Ke3 69. Kh6 Kd2 70. Kh7 Kc1 71. Bg6 b1=B 72. Bxb1 1/2-1/2